000 00488nam a2200181Ia 4500
001 20056
005 20260306172738.0
008 260306t2016||||xx |||||||||||||| ||spa||
041 _aESP
082 _a342.211
_bG36
100 _aTribunal Constitucional del Perú
_eAUT
245 0 _aGénero y justicia:
_bestudios e investigaciones en el Perú e Iberoamérica
260 _c2016
300 _a670 páginas :
_c24 cm.
650 _aGEN
654 _aCDE
942 _cLIB
_dJUS
_fJUS
_2ddc
_n
999 _c20056
_d20056